La Sirena

Salvato in:
Dettagli Bibliografici
Autore principale: Gagini, Carlos
Natura: Libro
Lingua:Undetermined
Pubblicazione: San José, Costa Rica Editorial Costa Rica [s.f.]
Soggetti:
Tags: Aggiungi Tag
Nessun Tag, puoi essere il primo ad aggiungerne!!

MARC

LEADER 00000nam a2200000Ia 4500
008 170316s9999 xx 000 0 und d
040 |a cru BVZT 
090 |a 868 G-1s 
100 |a Gagini, Carlos 
245 |a La Sirena 
260 |a San José, Costa Rica 
260 |b Editorial Costa Rica 
260 |c [s.f.] 
300 |a 112 páginas 
650 |a LITERATURA COSTARRICENSE 
999 |c 11101  |d 11101 
942 |c 15 D  |h 868 G-1s  |2 z